LIBRARY & INFORMATION CENTRE, KCAET, TAVANUR

ONLINE PUBLIC ACCESS CATALOGUE (OPAC)

Ah, wilderness! and days without end / (Record no. 4469)

MARC details
000 -LEADER
fixed length control field 00367cam a2200145ua 4500
041 ## - LANGUAGE CODE
Language code of text/sound track or separate title eng
082 ## - DEWEY DECIMAL CLASSIFICATION NUMBER
Classification number 822
Item number ONE/AH
100 ## - MAIN ENTRY--AUTHOR NAME
Personal name ONeill, Eugene .
245 ## - TITLE STATEMENT
Title Ah, wilderness! and days without end /
260 ## - PUBLICATION, DISTRIBUTION, ETC. (IMPRINT)
Place of publication London :
Name of publisher Jonathan Cape ,
Year of publication 1958.
300 ## - PHYSICAL DESCRIPTION
Number of Pages 108 ; .
942 ## - ADDED ENTRY ELEMENTS (KOHA)
Koha item type Books
Holdings
Withdrawn status Lost status Damaged status Home library Current library Date acquired Full call number Accession Number Koha item type
Withdrawn     KAUAET Malayalam University 07/04/2012 822 11612 Books
free website counter